| 000 | 00318nam a2200109Ia 4500 | ||
|---|---|---|---|
| 008 | 220622s9999 xx 000 0 und d | ||
| 020 | _a978-1485124689 | ||
| 082 | _aNF 610.73092 BRIN | ||
| 100 |
_aBrink, Hilla _94851 |
||
| 245 | 0 | _aFUNDAMENTALS OF RESEARCH METHODOLOGY FOR HEALTHCARE | |
| 942 |
_cBK _y296 _zPhillipina Naude |
||
| 999 |
_c648816 _d648815 |
||